Interrogative Movies Quiz Stats

 Plays Quiz Updated Aug 5, 2017

Support Sporcle.
Go Orange.
Score 0/40 Timer 05:00
2 Plays Today
Question Answer Wrong Answers
The Spy _____ Loved Me Who
95.4%
What
0.1%
When
0.1%
Where
0%
Austin Powers: The Spy _____ Shagged Me Who
95.4%
What
0.1%
When
0.1%
Where
0%
The Man _____ Fell to Earth Who
95.4%
What
0.1%
When
0.2%
Where
0.1%
The Boy _____ Cried Werewolf Who
95.4%
What
0.1%
When
0.1%
Where
0.1%
The Girl _____ Played with Fire Who
95.4%
What
0.1%
When
0.1%
Where
0.1%
The Men _____ Stare at Goats Who
95.3%
What
0.2%
When
0.2%
Where
0.1%
_____ Framed Roger Rabbit Who
95.2%
What
0.1%
When
0.1%
Where
0.1%
_____ Women Want What
95.1%
Who
0.2%
When
0.2%
Where
0.1%
The Man _____ Wasn't There Who
95.1%
What
0.2%
When
0.1%
Where
0.1%
_____ a Girl Wants What
95.1%
Who
0.3%
When
0.2%
Where
0.1%
I Know _____ You Did Last Summer What
95.1%
Who
0.3%
When
0.1%
Where
0.1%
_____ About Bob? What
95.1%
Who
0.3%
When
0.1%
Where
0.1%
I'll Sleep _____ I'm Dead When
95.1%
Who
0.1%
What
0.1%
Where
0.3%
_____ Happens in Vegas What
95.1%
Who
0.2%
When
0.3%
Where
0.1%
_____ Ever Happened to Baby Jane? What
95.1%
Who
0.2%
When
0.1%
Where
0.2%
_____ Harry Met Sally... When
94.7%
Who
0.1%
What
0.1%
Where
0.6%
_____ a Man Loves a Woman When
94.7%
Who
0.2%
What
0.4%
Where
0.4%
Fantastic Beasts and _____ to Find Them Where
94.7%
Who
0.2%
What
0.2%
When
0.5%
Ace Ventura: _____ Nature Calls When
94.6%
Who
0.2%
What
0.2%
Where
0.6%
Only _____ I Laugh When
94.5%
Who
0.3%
What
0.2%
Where
0.5%
_____ a Stranger Calls When
94.5%
Who
0.3%
What
0.4%
Where
0.5%
_____ Dinosaurs Ruled the Earth When
94.4%
Who
0.2%
What
0.2%
Where
0.8%
_____ Just Happened What
94.3%
Who
1%
When
0.2%
Where
0.2%
_____ the Wild Things Are Where
94.3%
Who
0.3%
What
0.8%
When
0.4%
_____ Lies Beneath What
94.1%
Who
0.8%
When
0.3%
Where
0.5%
What to Expect _____ You're Expecting When
93.9%
Who
0.2%
What
1.1%
Where
0.4%
_____ We Were Kings When
93.7%
Who
0.5%
What
0.2%
Where
1.1%
O Brother, _____ Art Thou? Where
93.2%
Who
1.5%
What
0.6%
When
0.3%
_____ the Heart Is Where
93.2%
Who
0.2%
What
1.8%
When
0.5%
_____ in Rome When
93%
Who
0.2%
What
0.3%
Where
2.1%
_____ the Red Fern Grows Where
92.2%
Who
0.2%
What
0.4%
When
2.8%
Horton Hears a _____! Who
91.5%
What
3.7%
When
0.2%
Where
0.2%
_____ the Sidewalk Ends Where
89.1%
Who
0.2%
What
0.7%
When
5.6%
_____ the Boys Are Where
88%
Who
5%
What
2.1%
When
0.6%
Guess _____ Who
86.9%
What
8.7%
When
0.1%
Where
0%
_____ Angels Fear to Tread Where
85.9%
Who
0.6%
What
3.9%
When
5.3%
_____ the Truth Lies Where
82.2%
Who
0.2%
What
2.4%
When
11%
_____ Love Is What
78.8%
Who
0.4%
When
0.3%
Where
16.3%
This Is _____ I Leave You Where
77.1%
Who
0.2%
What
4.4%
When
14.1%
_____ Dreams May Come What
67.8%
Who
0.2%
When
17.1%
Where
10.7%

You're not logged in!

Compare scores with friends on all Sporcle quizzes.
OR
Log In
Forgot?

From the Vault

50 Hits To Click: 1994

by caramba

A solid knowledge of '90s music should help Carey you through this quiz.
Remove Ads.
Support Sporcle.
Get the best of Sporcle when you Go Orange. This ad-free experience offers more features, more stats, and more fun while also helping to support Sporcle. Thank you for becoming a member.

Show Comments

Extras

Top Quizzes Today


Score Distribution

Your Account Isn't Verified!

In order to create a playlist on Sporcle, you need to verify the email address you used during registration. Go to your Sporcle Settings to finish the process.

Report this User

Report this user for behavior that violates our Community Guidelines.

Details: